[Event "RUS-ch 63rd"]
[Site "Moscow"]
[Date "2010.12.11"]
[Round "1"]
[White "Karjakin, Sergey"]
[Black "Potkin, Vladimir"]
[Result "1/2-1/2"]
[WhiteElo "2760"]
[BlackElo "2646"]
[PlyCount "67"]
[EventDate "2010.12.11"]
[EventType "tourn"]
[EventRounds "11"]
[EventCountry "RUS"]
[EventCategory "19"]
[SourceTitle "CBM 140"]
[Source "ChessBase"]
[SourceDate "2011.01.18"]
[SourceVersion "1"]
[SourceVersionDate "2011.01.18"]
[SourceQuality "1"]

1. e4 e6 2. d4 d5 3. Nc3 Nf6 4. e5 Nfd7 5. f4 c5 6. Nf3 Nc6 7. Be3 a6 8. Qd2 b5
9. Be2 Qb6 10. Nd1 cxd4 11. Nxd4 Nxd4 12. Bxd4 Bc5 13. c3 O-O 14. O-O a5 15. a3
Bb7 16. Nf2 b4 17. Ng4 h5 18. Ne3 g6 19. Rf3 Ba6 20. Bxa6 bxc3 21. bxc3 Rxa6
22. g4 hxg4 23. Nxg4 Rb8 24. Rh3 Qb2 25. Qxb2 Rxb2 26. Bxc5 Nxc5 27. Nf6+ Kg7
28. Rh7+ Kf8 29. f5 exf5 30. Rd1 Ne4 31. Rh8+ Kg7 32. Rh7+ Kf8 33. Rh8+ Kg7 34.
Rh7+ 1/2-1/2

[Event "RUS-ch 63rd"]
[Site "Moscow"]
[Date "2010.12.13"]
[Round "3"]
[White "Karjakin, Sergey"]
[Black "Nepomniachtchi, Ian"]
[Result "1-0"]
[WhiteElo "2760"]
[BlackElo "2720"]
[Annotator "Karjakin,S"]
[PlyCount "97"]
[EventDate "2010.12.11"]
[EventType "tourn"]
[EventRounds "11"]
[EventCountry "RUS"]
[EventCategory "19"]
[SourceTitle "CBM 140"]
[Source "ChessBase"]
[SourceDate "2011.01.18"]
[SourceVersion "1"]
[SourceVersionDate "2011.01.18"]
[SourceQuality "1"]

1. e4 c5 2. Nf3 d6 3. d4 cxd4 4. Nxd4 Nf6 5. Nc3 a6 6. Be3 e5 7. Nf3 {Not such
a long time ago, this move was considered to be a side line, but now it almost
enjoys the same popularity as 7.Nb3.} Be7 8. Bc4 O-O 9. O-O Nc6 10. Re1 {
I have played this position twice: in 2007 I won a nice game against van Wely
and in 2008 I was lucky to draw with Nakamura.} Be6 {This move does not look
so precise. 10...b5 was played against me before, and later Jan played it in
the tie-break against me.} 11. Nd5 b5 12. Bb3 {Playing like in the line 10...
b5 11.Bb3. White also had different possibilities, for example:} ({Even after
the simplest} 12. Nxf6+ Bxf6 13. Bxe6 fxe6 14. a4 {White's position is
preferable.}) ({Also interesting is} 12. Bf1 {like Movsesian played against
Jan.}) 12... Bxd5 {Playing like this Black is acceptoing having to play a
slighlity worse position, but it was not easy to recommend anything better.} ({
For example after} 12... Nxe4 {White has the strong move} 13. a4 $1 {and
Black's pieces are hanging.}) 13. Bxd5 Qc7 14. c3 ({The simplest, but also an
interesting move was} 14. c4 $5 bxc4 15. Bxc4 Nxe4 16. Rc1 Nf6 17. Bg5 {
with the initiative!}) 14... Nxd5 15. Qxd5 Bf6 {With the idea Ne7.} 16. Red1 ({
A more precise move was} 16. a4 $1 Ne7 17. Qd3 Qc6 18. axb5 axb5 19. Rxa8 Rxa8
20. Rd1 {getting a position from the game, but with Black's move! But it does
not change the evalution as slightly better for White.}) 16... Rfd8 17. a4 Ne7
18. Qd3 Qc6 $2 ({Carelessness! I did not see what to do after} 18... bxa4 19.
Rxa4 d5 {and Black is very close to equalising.}) 19. axb5 axb5 20. Rxa8 Rxa8 (
20... Qxa8 {was not much better:} 21. Bb6 Rf8 22. Bc7 Nc8 23. Qxb5 Qxe4 24. Nd2
Qc2 25. Qb3 Qxb3 26. Nxb3 Re8 27. Na5 {and White has an advantage in the
ending.}) 21. h4 ({I was keen on the idea in the game, but probably stronger
was} 21. Ne1 $1 {followed by Nc2-b4 with a clear advantage for White.}) 21...
h6 ({After} 21... h5 {one possiblilty is} 22. Qxd6 (22. g3 $14) 22... Qxe4 23.
Bg5 Nf5 24. Qd5 Qxd5 25. Rxd5 Bxg5 26. hxg5 f6 27. Rxb5 {with an advantage in
the ending.}) 22. Bg5 $5 hxg5 23. hxg5 Rd8 ({Rather better was} 23... Bxg5 24.
Nxg5 f6 (24... Ra6 25. Qh3 $36) 25. Ne6 Kf7 26. Qxd6 Qxd6 27. Rxd6 Nc8 28. Nd8+
Ke7 29. Rd2 {keeping winning chances.}) 24. gxf6 gxf6 {Now Black's structure
seems to be in ruins!} 25. Nh2 d5 26. Ng4 ({Also very strong was} 26. Nf1 {
and then, depending on circumstances Ne3 or Ng3 with a big advantage!}) 26...
d4 27. Qg3 Ng6 28. Qf3 (28. Nh6+ $1 {was more precise:} Kf8 29. Qf3 {and White
is dominating!}) 28... Kg7 {Now Black more or less manages a defence.} 29. Ne3
Ne7 30. Qg4+ Kf8 31. Qh4 Kg7 32. Rd3 {Bringing to the fight a rook...} Qb6 {
Defending the rook and preparing dxe3.} ({The computer suggests} 32... b4 {
after which the only way to keep the iniative is...} 33. Rd1 $3 bxc3 34. bxc3 {
and White is slightly better!}) 33. cxd4 exd4 34. Qg4+ ({There was a forced
draw with} 34. e5 dxe3 35. Rxd8 exf2+ 36. Kf1 Qxd8 37. exf6+ Kg6 (37... Kf8 $4
38. fxe7+ Qxe7 39. Qh8#) 38. fxe7 Qd3+ 39. Kxf2 Qd2+ 40. Kg1 Qe3+ 41. Kh2 f6
$11) 34... Kf8 35. Qd1 {The key position! Till here Jan was defending well,
but here he probably made the decisive mistake!} Ke8 {Threatening to take the
knight. Black misses my reply.} ({After the game we thought that Black should
have played} 35... Rd6 {with the threat dxe3 Rxd6 e2!, but after the simple}
36. Nf1 {followed by Ng3 White keeps the pressure.}) ({The most precise was} 
35... Qc5 {and White is slighlity better, but the position is playable.}) 36.
Qh5 $1 Rd6 ({Black is losing after} 36... dxe3 37. Qh8+ Ng8 38. Qxg8+ Ke7 39.
Rxd8 ({but not} 39. Qxd8+ $4 Qxd8 40. Rxd8 e2 $19) 39... exf2+ 40. Kf1 Qxd8 41.
Qxd8+ Kxd8 42. Kxf2 Kd7 43. Ke3 Kd6 44. Kd4 Kc6 45. b4 Kd6 46. g4 Kc6 47. e5
$18) 37. Qh8+ Kd7 38. Ng4 {Now White's attack plays itself.} Qc6 39. e5 {
The most direct, but also strong was 39.Ra3.} Ng6 $2 ({The last chance was} 
39... Qc1+ 40. Kh2 fxe5 41. Qxe5 {but here White wins a pawn with an attack!})
40. Nxf6+ Ke6 41. Qh3+ Kxe5 42. Ng4+ Kd5 (42... Ke6 43. Nh6+ Kd5 44. Qe3 $1 $18
{did not leave Black chances to survive.}) 43. Rd1 $1 {The last difficult move
in the game! Now Black's king is under attack from all fronts! And there is no
defence any more.} Qe8 (43... Re6 44. Ne3+ $18) 44. Qf3+ Qe4 45. Qxf7+ Qe6 46.
Ne3+ Ke5 47. Ng4+ ({Everything wins, but a nicer finish was} 47. Nc4+ bxc4 48.
Re1+ Kd5 49. Qb7+ Kc5 50. b4+ cxb3 51. Rc1+ Qc4 52. Qc7+ Rc6 53. Rxc4+ Kxc4 54.
Qxc6+ $18) 47... Kd5 48. Qb7+ Kc4 (48... Rc6 49. Ne3+ Ke4 50. Qxb5 $18) 49.
Rc1+ {and because of 49...Kb4 50.Qa7 Black resigned.} 1-0

[Event "RUS-ch 63rd"]
[Site "Moscow"]
[Date "2010.12.16"]
[Round "6"]
[White "Khismatullin, Denis Rimovich"]
[Black "Kurnosov, Igor"]
[Result "1/2-1/2"]
[WhiteElo "2659"]
[BlackElo "2676"]
[PlyCount "84"]
[EventDate "2010.12.11"]
[EventType "tourn"]
[EventRounds "11"]
[EventCountry "RUS"]
[EventCategory "19"]
[SourceTitle "CBM 140"]
[Source "ChessBase"]
[SourceDate "2011.01.18"]
[SourceVersion "1"]
[SourceVersionDate "2011.01.18"]
[SourceQuality "1"]

1. d4 Nf6 2. c4 g6 3. f3 d5 4. cxd5 Nxd5 5. e4 Nb6 6. Nc3 Bg7 7. Be3 O-O 8. Qd2
Nc6 9. O-O-O f5 10. e5 Nb4 11. a3 N4d5 12. Nh3 Nxc3 13. bxc3 Be6 14. Qc2 Nc4
15. Bg5 b5 16. d5 Bxd5 17. Bxc4 bxc4 18. Nf4 c6 19. Ne6 Qa5 20. Nxg7 Qxa3+ 21.
Kd2 Rfd8 22. Ke2 Kxg7 23. Ra1 Qb3 24. Qc1 Rdb8 25. Rd1 Qb2+ 26. Qxb2 Rxb2+ 27.
Rd2 Rb7 28. Rda2 Kf7 29. Ke3 Rd7 30. h4 Be6 31. Kf2 Rc7 32. Be3 c5 33. Ra5 Bd7
34. Kg3 Ke8 35. Kf4 Kf7 36. Kg3 Ke8 37. Kf4 Kf7 38. Kg3 Bc8 39. R1a4 Be6 40.
Ra1 Ke8 41. Kf4 Kf7 42. Kg5 Kg7 1/2-1/2

[Event "RUS-ch 63rd"]
[Site "Moscow"]
[Date "2010.12.19"]
[Round "8"]
[White "Khismatullin, Denis Rimovich"]
[Black "Tomashevsky, Evgeny"]
[Result "1/2-1/2"]
[WhiteElo "2659"]
[BlackElo "2699"]
[PlyCount "96"]
[EventDate "2010.12.11"]
[EventType "tourn"]
[EventRounds "11"]
[EventCountry "RUS"]
[EventCategory "19"]
[SourceTitle "CBM 140"]
[Source "ChessBase"]
[SourceDate "2011.01.18"]
[SourceVersion "1"]
[SourceVersionDate "2011.01.18"]
[SourceQuality "1"]

1. d4 Nf6 2. c4 e6 3. Nc3 Bb4 4. e3 O-O 5. Bd3 d5 6. cxd5 exd5 7. Nge2 Re8 8.
Bd2 Bf8 9. O-O Nc6 10. Ng3 Ne7 11. b4 Ng6 12. b5 Bd6 13. Nf5 Bxf5 14. Bxf5 Nh4
15. Bh3 Ne4 16. Be1 Qg5 17. g3 Qg6 18. Bg4 Nxc3 19. Bxc3 Re4 20. Bh3 Qh6 21. a3
Rxe3 22. fxe3 Qxe3+ 23. Kh1 Qe4+ 24. Kg1 Qe3+ 25. Rf2 Qxc3 26. Rb1 Re8 27. Qh5
Ng6 28. Qxd5 Nf4 29. gxf4 Qxh3 30. Qf3 Qf5 31. Rb3 g6 32. Re3 Rxe3 33. Qxe3
Qb1+ 34. Kg2 Qxb5 35. f5 Qd7 36. h4 Be7 37. Qe4 Qd6 38. Rf3 Bf6 39. d5 Kg7 40.
fxg6 hxg6 41. a4 b6 42. Kh3 Qd7+ 43. Kg2 Qd6 44. Kh3 Qe5 45. Re3 Qa1 46. Re1
Qc3+ 47. Re3 Qa1 48. Re1 Qc3+ 1/2-1/2

[Event "RUS-ch 63rd"]
[Site "Moscow"]
[Date "2010.12.19"]
[Round "8"]
[White "Kurnosov, Igor"]
[Black "Karjakin, Sergey"]
[Result "0-1"]
[WhiteElo "2676"]
[BlackElo "2760"]
[Annotator "Ftacnik,L"]
[PlyCount "126"]
[EventDate "2010.12.11"]
[EventType "tourn"]
[EventRounds "11"]
[EventCountry "RUS"]
[EventCategory "19"]
[SourceTitle "CBM 140"]
[Source "ChessBase"]
[SourceDate "2011.01.18"]
[SourceVersion "1"]
[SourceVersionDate "2011.01.18"]
[SourceQuality "1"]

1. e4 e5 2. Nf3 Nc6 3. Bb5 Nf6 4. O-O Nxe4 5. d4 Nd6 6. Bxc6 dxc6 7. dxe5 Nf5
8. Qxd8+ Kxd8 9. Nc3 Ke8 10. h3 h5 {The latest word ine chess fashion in thise
extremely popular line. Black is preventing White's activity on the kingside
and hopes to play a general sort of position with the advantage of the bishop
pair.} 11. Ne2 {The relocation of the knight from c3 aspires to the title of
the main line. The first player has a real problem finding any sensible plan
with which to fight for the advantage.} (11. Bg5 Be6 12. Rfd1 (12. a3 Be7 13.
Rad1 h4 14. Rfe1 Rd8 15. Rxd8+ Kxd8 16. Ne4 Bd5 17. Kh2 Bxg5 18. Nexg5 Ke7 19.
Rd1 a5 20. Nd4 Nxd4 21. Rxd4 Rh5 22. f4 f6 23. exf6+ gxf6 24. c4 {1/2-1/2
Amonatov,F (2602)-Karjakin,S (2747)/Moscow 2010}) 12... Be7 13. g3 (13. Rd2 Rd8
14. Rxd8+ Kxd8 15. Rd1+ Ke8 16. Ne2 Bd5 17. Bxe7 Kxe7 18. Ng5 f6 19. Nf4 Nh4
20. exf6+ Kxf6 21. Nxd5+ cxd5 22. Rxd5 Re8 23. g3 Re1+ 24. Kh2 c6 25. Ra5 b6
26. Rxa7 Kxg5 27. gxh4+ Kxh4 28. Rxg7 Re2 $14 {1/2-1/2 So,W (2669)-Wang Yue 
(2756)/Guangzhou 2010 (52)}) (13. Rd3 Rd8 14. Rad1 Rxd3 15. Rxd3 f6 16. Bf4 Bd8
17. exf6 gxf6 18. g3 Rh7 19. Kh2 b6 20. Rd1 Rd7 21. Rxd7 Kxd7 22. g4 hxg4 23.
hxg4 Ne7 24. Kg3 Nd5 $15 {1-0 Kotronias,V (2591)-Mastrovasilis,D (2580)/
Vrahati 2010 (51)}) 13... f6 14. exf6 gxf6 15. Bf4 Rc8 16. Kh2 Kf7 17. Rd2 Rcd8
18. Rxd8 Bxd8 19. Rd1 Re8 20. Nd4 Nxd4 21. Rxd4 Bf5 $11 {1/2-1/2 Anand,V (2804)
-Kramnik,V (2791)/London 2010 (39)}) (11. Ne4 Be6 12. Re1 Be7 13. b3 a5 14. Bb2
a4 15. Nfg5 Bxg5 16. Nxg5 c5 17. Nxe6 fxe6 18. Re4 axb3 19. cxb3 Rd8 20. Rc4 b6
21. b4 Rd2 22. Rb1 Rf8 23. bxc5 Ne3 24. fxe3 Rff2 $11 {1/2-1/2 Corrales
Jimenez,F (2597)-Korneev,O (2582)/Zaragoza 2010 (27)}) 11... b6 {The plan with
slowly advancing the pawn mass on the queenside is fairly standard. Black can
clearly play without any stress.} (11... Be7 12. Bg5 (12. Ned4 Nxd4 13. Nxd4 c5
14. Nb5 Kd7 15. c4 Kc6 16. Nc3 Be6 17. b3 Rhd8 18. Ne2 a5 19. Nf4 a4 20. Be3 g6
21. Rfd1 Rxd1+ 22. Rxd1 Bf5 23. Nd5 Bf8 $17 {0-1 Shirov,A (2732)-Naiditsch,A 
(2697)/Villarrobledo 2009 (40)}) (12. Re1 a5 (12... Nh4 13. Nxh4 Bxh4 14. Nd4
c5 15. Nb5 Kd7 16. Re4 Bd8 17. Be3 Kc6 18. a4 Be6 19. h4 Bd5 20. Rf4 g5 21.
hxg5 Bxg5 22. Rxf7 Bxf7 23. Bxg5 Be6 $15 {1/2-1/2 Berg,E (2616)-Cheparinov,I 
(2667)/Montcada 2009 (55)}) 13. Bg5 a4 14. a3 Be6 15. Nf4 Bd5 16. Nxd5 cxd5 17.
Rad1 c6 18. g4 hxg4 19. hxg4 Nh6 20. Bxe7 Kxe7 21. Rd4 g5 22. c4 dxc4 23. Rxc4
$16 {1/2-1/2 Timofeev,A (2671)-Inarkiev,E (2656)/Moscow 2009 (46)}) 12... Be6 (
12... b6 13. Rfe1 Ba6 14. Bxe7 Bxe2 15. Rxe2 Kxe7 16. g3 Rad8 17. Re4 Rd5 18.
Kg2 c5 19. c3 g6 20. Rae1 Ng7 21. R1e2 Rhd8 22. Ng5 Ne6 23. Nxe6 Kxe6 $11 {
1/2-1/2 Stellwagen,D (2612)-Wang Yue (2739)/Wijk aan Zee 2009 (32)}) 13. Nf4
Bd5 14. Bxe7 (14. Nxd5 cxd5 15. Rad1 c6 16. Rd3 h4 17. Re1 Rh5 18. Bf4 g6 19.
a4 Rd8 20. Red1 Ng7 21. Be3 Ne6 22. a5 a6 23. c3 {1/2-1/2 Karjakin,S (2747)
-Pashikian,A (2639)/Khanty Mansiysk 2010}) 14... Kxe7 15. Ng5 Nd4 16. Rad1 Ne6
17. Ngxe6 Bxe6 18. h4 a5 19. a3 a4 20. Rfe1 g6 21. f3 Ra5 22. c3 Rb5 $11 {
1-0 Carlsen,M (2772)-Jakovenko,D (2760)/Dortmund 2009/ (49)}) 12. Rd1 (12. Bf4
c5 13. Rad1 Bb7 14. Ng5 Rh6 15. Ng3 Nh4 16. f3 Be7 17. Rfe1 Rg6 18. N5e4 Bc6
19. Kh2 Nxg2 20. Kxg2 h4 21. c4 hxg3 22. Nc3 Rd8 23. Nd5 Rd7 24. b3 Bd8 25. Re4
Bb7 26. Bxg3 b5 $11 {1/2-1/2 McShane,L (2645)-Kramnik,V (2791)/London 2010 
(139)}) 12... Ba6 13. Ned4 Nxd4 14. Nxd4 c5 15. Nf5 {The knights are moving
with the ambition of creating some weaknesses, Kurnosov is looking for a plan.}
(15. Nf3 Be7 $11) 15... Be2 (15... g6 16. Ne3 c6 17. b3 Rd8 18. Bb2 Bh6 $11)
16. Rd2 Bc4 17. Ne3 Be6 18. Nd5 Rc8 19. b3 c6 20. Ne3 {At this stage the
choices of the piece relocation were simply a matter of taste.} (20. Nc3 Bf5
21. Re2 Rd8 22. Bf4 Rd4 23. Be3 Rd8 24. Bf4 $11) 20... Rd8 21. Rxd8+ Kxd8 22.
Bb2 g6 23. Rd1+ Kc7 24. f3 (24. Kf1 Bh6 25. Ke2 Rd8 26. Rxd8 Kxd8 $11) 24...
Bh6 25. Kf2 a5 26. a4 (26. Bc1 a4 27. g4 Kb7 $15) 26... b5 27. axb5 $6 {
[%mdl 4096] White is a very strong player, so his risky decision is actually
an ambitious move. Objectively speaking the exchange of the pawns is a risky
proposition.} (27. Ke2 Ra8 28. h4 $11) 27... cxb5 28. Nd5+ Kc6 29. Nc3 (29. c4
bxc4 30. bxc4 Bg5 31. Bc3 Ra8 $15) 29... Bf8 30. Rd8 (30. Ra1 Kb6 31. Ne4 Be7
32. Ke2 Ra8 $15) 30... c4 $5 {Karjakin is trying to get to the very top in the
world hierarchy so it is only natural that he seeks every chance to benefit
from his bishop pair.} 31. Ke2 b4 {Black is hoping for more than just the
slightly better endgame after exchanges on the queenside.} (31... cxb3 32. cxb3
Bxb3 33. Nxb5 Bc4+ (33... Kxb5 34. e6 Bc4+ 35. Kd1 Rh7 36. Rxf8 Bxe6 37. Rb8+
$11) 34. Kd1 Bg7 35. Nd4+ Kc7 36. Rxh8 Bxh8 37. e6 Kc8 38. exf7 Bxf7 $15) 32.
Ne4 cxb3 (32... c3 33. Bc1 Bg7 34. Rd6+ Kb5 35. Be3 Rb8 36. Ba7 Rb7 37. Rxe6
fxe6 38. Nd6+ Ka6 39. Nxb7 Kxb7 40. Bd4 Kc6 41. Kd3 Kb5 $11) 33. cxb3 Bg7 (
33... Bxb3 $2 34. e6 $18) 34. Rd6+ (34. Rxh8 $2 Bxh8 35. Nd2 Bg7 $17) 34... Kb5
35. Rd3 $2 {White is missing his golden opportunity to cement parity on the
board with the ingenious combination 35.Nc5!} (35. Nc5 $1 Bf8 (35... Re8 36.
Nxe6 Rxe6 37. Rd5+ Kc6 38. Rxa5 Kb6 39. Ra4 Bxe5 40. Rxb4+ Ka5 41. Ra4+ Kb5 42.
Bxe5 Rxe5+ 43. Re4 $14) (35... Kxc5 $4 36. Bd4+ Kb5 37. Rb6#) 36. Nxe6 Bxd6 37.
Nd4+ Kc5 38. exd6 Re8+ 39. Kd3 Rd8 $11) 35... Bh6 36. Kd1 (36. Nd6+ Kb6 37. f4
Rd8 $15) 36... Ra8 37. Kc2 Rc8+ (37... a4 38. bxa4+ Rxa4 $15) 38. Kb1 Rc7 {
Even a moderately trained chess eye can attest that Black has achieved a very
pleasant position. Each and every endgame would now be difficult for his
opponent.} 39. g4 (39. Nd6+ Ka6 40. g4 Bf4 $17) 39... Bf4 40. Nd6+ Ka6 41. Ne8
(41. Ne4 hxg4 42. hxg4 Kb5 43. Nd6+ Kc6 44. Ne4 Rd7 $17) 41... Rd7 42. Rxd7
Bxd7 43. Nf6 (43. Nd6 Be6 44. Kc2 Bd5 45. Ne4 Bxe4+ 46. fxe4 hxg4 47. hxg4 Kb5
$19) 43... Be6 (43... hxg4 44. Nxd7 gxh3 45. Nc5+ Kb5 46. Ne4 h2 47. Nf2 Kc5
$19) 44. gxh5 {White is hoping to generate enough counterplay to keep Black's
ambitions under control.} (44. Kc2 h4 45. Bd4 Kb5 $17) 44... Bxb3 45. Bc1 Bxc1
46. Kxc1 gxh5 47. f4 (47. Nxh5 a4 48. h4 a3 49. Ng3 Bc4 50. h5 b3 $19) 47... a4
48. f5 a3 49. Nd7 {Kurnosov must dance about in lines which are hopelessly
lost. The knight is a weak counterpart to the bishop in endings where the pawn
structure is very assymetrical.} (49. Ne4 Kb5 50. e6 fxe6 51. f6 e5 52. f7 Bxf7
53. Nd6+ Kc5 54. Nxf7 e4 $19) 49... Bd5 50. e6 fxe6 51. f6 (51. fxe6 b3 52.
Nc5+ Ka5 53. Kb1 b2 54. e7 Bf7 $19) 51... e5 52. Nxe5 b3 53. f7 {It was not
possible to stop the pawns at any cost.} (53. Nd3 b2+ 54. Nxb2 a2 $19) 53...
b2+ 54. Kc2 Be4+ 55. Kd2 b1=Q 56. f8=Q Qc2+ 57. Ke3 (57. Ke1 Qc3+ 58. Kf2 a2
59. Qd6+ Ka5 60. Qd8+ Ka4 61. Qd7+ Kb4 62. Qd6+ Qc5+ $19) 57... a2 {Karjakin
is controlling vital squares on the board and enjoys the advantage of an
additional, passed pawn.} 58. Qd6+ Kb5 59. Qb8+ Kc5 60. Nd7+ (60. Qa7+ Kd5 61.
Qd4+ Ke6 62. Nd7 Qc1+ 63. Kxe4 Qe1+ 64. Kf3 Qf1+ 65. Ke4 a1=Q 66. Nc5+ Kf7 67.
Qd7+ Kg6 $19) 60... Kc6 61. Ne5+ Kd5 62. Nf7 Qc3+ 63. Kf4 Qf6+ {The epic
struggle is over. Black was able to use his bishop pair to the fullest
possible advantage.} (63... Qf6+ 64. Ke3 Qf3+ 65. Kd2 Qf2+ 66. Kc3 a1=Q+) 0-1

[Event "RUS-ch 63rd"]
[Site "Moscow"]
[Date "2010.12.15"]
[Round "5"]
[White "Kurnosov, Igor"]
[Black "Vitiugov, Nikita"]
[Result "1/2-1/2"]
[WhiteElo "2676"]
[BlackElo "2709"]
[PlyCount "76"]
[EventDate "2010.12.11"]
[EventType "tourn"]
[EventRounds "11"]
[EventCountry "RUS"]
[EventCategory "19"]
[SourceTitle "CBM 140"]
[Source "ChessBase"]
[SourceDate "2011.01.18"]
[SourceVersion "1"]
[SourceVersionDate "2011.01.18"]
[SourceQuality "1"]

1. e4 e6 2. d4 d5 3. Nc3 Bb4 4. e5 c5 5. a3 Bxc3+ 6. bxc3 Ne7 7. h4 Nbc6 8. h5
Qa5 9. Bd2 Qa4 10. Nf3 cxd4 11. Bd3 dxc3 12. Bxc3 Nf5 13. h6 gxh6 14. Bxf5 exf5
15. e6 Qe4+ 16. Kf1 Qc4+ 17. Qd3 Qxd3+ 18. cxd3 O-O 19. exf7+ Rxf7 20. Rxh6 d4
21. Bxd4 Nxd4 22. Nxd4 b6 23. Rd6 Ba6 24. Ke2 Re8+ 25. Kd2 f4 26. a4 Rg7 27. a5
Bc8 28. axb6 axb6 29. Rg1 Bh3 30. g3 fxg3 31. Rxg3 Rxg3 32. fxg3 Rb8 33. Rd5
Rb7 34. Ke3 Rd7 35. Rb5 Re7+ 36. Kf4 Bf1 37. Rxb6 Bxd3 38. Nf5 Bxf5 1/2-1/2

[Event "RUS-ch 63rd"]
[Site "Moscow"]
[Date "2010.12.11"]
[Round "1"]
[White "Kurnosov, Igor"]
[Black "Zvjaginsev, Vadim"]
[Result "1/2-1/2"]
[WhiteElo "2676"]
[BlackElo "2676"]
[PlyCount "80"]
[EventDate "2010.12.11"]
[EventType "tourn"]
[EventRounds "11"]
[EventCountry "RUS"]
[EventCategory "19"]
[SourceTitle "CBM 140"]
[Source "ChessBase"]
[SourceDate "2011.01.18"]
[SourceVersion "1"]
[SourceVersionDate "2011.01.18"]
[SourceQuality "1"]

1. e4 e6 2. d4 d5 3. Nc3 Nf6 4. e5 Nfd7 5. f4 c5 6. Nf3 Nc6 7. Be3 cxd4 8. Nxd4
Bc5 9. Qd2 O-O 10. O-O-O Bxd4 11. Bxd4 Qa5 12. Kb1 Rb8 13. Be3 b5 14. Ne2 Qxd2
15. Rxd2 Bb7 16. Rg1 Rfc8 17. c3 a6 18. g3 Ne7 19. Nc1 Nc5 20. Bxc5 Rxc5 21.
Nb3 Rc7 22. Bd3 Bc8 23. Rc1 Bd7 24. Nd4 Rbc8 25. Rdc2 Nc6 26. b3 Nxd4 27. cxd4
Rxc2 28. Rxc2 Rxc2 29. Kxc2 a5 30. b4 a4 31. g4 g6 32. Kd2 Kg7 33. Ke3 h6 34.
Kf3 Bc6 35. Kg3 Bd7 36. Kh4 Be8 37. Bc2 Kh7 38. a3 Kg7 39. Bd3 Kh7 40. Kg3 Kg7
1/2-1/2

[Event "RUS-ch 63rd"]
[Site "Moscow"]
[Date "2010.12.12"]
[Round "2"]
[White "Nepomniachtchi, Ian"]
[Black "Kurnosov, Igor"]
[Result "1/2-1/2"]
[WhiteElo "2720"]
[BlackElo "2676"]
[PlyCount "90"]
[EventDate "2010.12.11"]
[EventType "tourn"]
[EventRounds "11"]
[EventCountry "RUS"]
[EventCategory "19"]
[SourceTitle "CBM 140"]
[Source "ChessBase"]
[SourceDate "2011.01.18"]
[SourceVersion "1"]
[SourceVersionDate "2011.01.18"]
[SourceQuality "1"]

1. e4 e5 2. Nf3 Nc6 3. Bb5 Nf6 4. O-O Nxe4 5. d4 Nd6 6. Bxc6 dxc6 7. dxe5 Nf5
8. Qxd8+ Kxd8 9. Nc3 Ke8 10. Rd1 Ne7 11. h3 Ng6 12. Bg5 Be7 13. Bxe7 Kxe7 14.
Ne4 Re8 15. Re1 Kf8 16. Ng3 Be6 17. h4 Bd5 18. h5 Nf4 19. Nh4 Rad8 20. c4 Be6
21. b3 b5 22. h6 gxh6 23. Re4 Ng6 24. Nh5 bxc4 25. bxc4 f5 26. exf6 Bc8 27.
Rxe8+ Rxe8 28. Nf3 Bg4 29. Ng7 Rd8 30. Nh2 Bc8 31. Re1 Kf7 32. Nh5 Re8 33. Rxe8
Kxe8 34. Nf1 Ne5 35. Ne3 Kf7 36. c5 Kg6 37. f4 Nd7 38. g4 Nxf6 39. Nxf6 Kxf6
40. Kf2 Be6 41. a3 h5 42. g5+ Kg6 43. Kg3 h6 44. gxh6 Kxh6 45. Nc2 Kg6 1/2-1/2

[Event "RUS-ch 63rd"]
[Site "Moscow"]
[Date "2010.12.14"]
[Round "4"]
[White "Nepomniachtchi, Ian"]
[Black "Tomashevsky, Evgeny"]
[Result "1-0"]
[WhiteElo "2720"]
[BlackElo "2699"]
[PlyCount "101"]
[EventDate "2010.12.11"]
[EventType "tourn"]
[EventRounds "11"]
[EventCountry "RUS"]
[EventCategory "19"]
[SourceTitle "CBM 140"]
[Source "ChessBase"]
[SourceDate "2011.01.18"]
[SourceVersion "1"]
[SourceVersionDate "2011.01.18"]
[SourceQuality "1"]

1. e4 e5 2. Nf3 Nc6 3. d4 exd4 4. Nxd4 Bc5 5. Nxc6 Qf6 6. Qf3 bxc6 7. Nc3 d6 8.
Qg3 Qg6 9. Bd2 Ne7 10. f3 Qxg3+ 11. hxg3 Be6 12. O-O-O f6 13. g4 Ng6 14. Na4
Bf2 15. Ba6 Ne5 16. b3 Rb8 17. Rhf1 Bb6 18. g5 fxg5 19. Bxg5 O-O 20. Be2 Nd7
21. Nxb6 axb6 22. Kb2 Nf6 23. Rh1 h6 24. Bd2 b5 25. a3 c5 26. Rh4 c4 27. Bc3
Nd7 28. Rd2 Ne5 29. Bxe5 dxe5 30. Rh5 b4 31. axb4 cxb3 32. Rxe5 Bf7 33. b5 Rfd8
34. Rxd8+ Rxd8 35. Bd3 Kf8 36. Rc5 Rd7 37. f4 Ke7 38. Kc3 bxc2 39. Bxc2 Kd8 40.
f5 Rd6 41. g3 Rb6 42. e5 Be8 43. Ba4 Rb7 44. Kd4 Ke7 45. g4 Kd8 46. Kd5 Ke7 47.
Ke4 Kd8 48. f6 gxf6 49. exf6 Bf7 50. Rc3 Rb6 51. Kf5 1-0